000
00325nam a22001217a 4500
040
_c
SY
082
_a
589
100
_a
KUY SOPHAL
245
_a
Cryptogames and gymnosperms, ផ្នែកគ្រីបតូកាម និង ស៊ីមណូស្ពែម
260
_a
RUA
_b
KUY
_c
1994
300
_a
83p.
942
_c
KB
999
_c
9622
_d
9622